Datum a čas kvízu
32
Celkem bodů
Celkový počet nahraných bodů na tomto kvízu bez doplňovacích otázek.
6.
Pořadí na kvízu
Konečné umístění týmu na tomto kvízu.
Zaznamenané odpovědi
| # | Otázka | Odpověď | Body | Výsledky |
|---|---|---|---|---|
| 1. | Minulý týden navštívila Českou... | Evropský parlament | 1 | |
| 2. | Ve kterém německém městě se mi... | v Mnichově | 1 | |
| 3. | Minulý týden zemřel kreslíř Pa... | Respekt | 0 | |
| 4. | Tradiční český výrobce klavírů... | Petrof | 1 | |
| 5. | Který norský sportovec získal... | Johannes Bö | 1 | |
| 6. | Obec s nejdelším názvem v Česk... | A | 0 | |
| 7. | Česká republika hraničí se čty... | 1C 2B 3A 4D | 1 | |
| 8. | Nejvýše položená železniční st... | Kubova | 1 | |
| 9. | V této otázce bude potřeba k z... | 1D 2B 3A 4C | 1 | |
| 10. | V České republice jsou čtyři ú... | Krkonošský NP | 0 |